Statistiques concernant Rues de Paris

Cliquez ici pour prendre le quiz!

Statistiques générales

  • Ce quiz a été pris 607 fois
  • Le résultat moyen est 52 sur 240

Statistiques - réponses

ArrondissementRéponse% Correct
1 | 4Rue de Rivoli
69%
8Avenue des Champs-Elysées
67%
6 | 15Rue de Vaugirard
55%
5 | 6Boulevard Saint-Michel
51%
5 | 6 | 7Boulevard Saint-Germain
49%
15Boulevard de Vaugirard
45%
5Place Saint-Michel
44%
2Rue de la Paix
44%
11Avenue de la République
43%
3 | 10 | 11Place de la République
43%
1Avenue de l'Opéra
41%
4 | 11 | 12Place de la Bastille
41%
8Rue du Faubourg Saint-Honoré
40%
10Rue du Faubourg Saint-Denis
39%
16Avenue Foch
38%
6Rue de Rennes
38%
1 | 2Rue Saint-Denis
37%
8 | 9Boulevard Haussmann
35%
11Boulevard Voltaire
35%
11 | 12Place de la Nation
35%
19 | 20Rue de Belleville
35%
16Avenue Victor Hugo
33%
1 | 2 | 3 | 4Boulevard de Sébastopol
33%
2 | 10Boulevard Saint-Denis
33%
8 | 17Rue de Courcelles
32%
9Rue du Faubourg Montmartre
32%
7Boulevard des Invalides
31%
8 | 17Place de Clichy
31%
9 | 10Rue Lafayette
31%
1 | 2Rue Montmartre
31%
1Rue Saint-Honoré
31%
8 | 17Boulevard de Courcelles
30%
6 | 7 | 14Boulevard Raspail
30%
10 | 11Rue du Faubourg du Temple
30%
9Rue de Clichy
29%
6 | 7Rue de Sèvres
29%
11 | 12Rue du Faubourg Saint-Antoine
29%
14Rue du Faubourg Saint-Jacques
29%
3 | 4Rue du Temple
29%
5Rue Saint-Jacques
29%
17 | 18Avenue de Clichy
28%
9 | 18Boulevard de Clichy
28%
2 | 9Boulevard Montmartre
28%
16Place Victor Hugo
28%
3 | 4Rue Saint-Martin
28%
15Boulevard de Grenelle
27%
8 | 17Boulevard Malesherbes
27%
3 | 10Boulevard Saint-Martin
27%
15Rue Lecourbe
27%
4Boulevard Henri IV
26%
14Boulevard Saint-Jacques
26%
12Rue de Bercy
26%
17Rue de Rome
26%
13Avenue des Gobelins
25%
17Avenue des Ternes
25%
16Avenue Kléber
25%
12Boulevard de Bercy
25%
1 | 8Boulevard de la Madeleine
25%
9Boulevard de la Madeleine
25%
10Boulevard de Strasbourg
25%
14Place Denfert Rochereau
25%
13Rue de Tolbiac
25%
16 | 17Avenue de la Grande Armée
24%
8 | 17Avenue de Wagram
24%
20Avenue Gambetta
24%
3 | 11Boulevard du Temple
24%
20Rue de Menilmontant
24%
19Avenue Jean Jaurès
23%
5 | 13 | 14Boulevard de Port-Royal
23%
2 | 9Boulevard des Capucines
23%
12Boulevard Diderot
23%
15Boulevard Pasteur
23%
8Place de la Madeleine
23%
8 | 17Place des Ternes
23%
1 | 4Place du Châtelet
23%
1Place Vendôme
23%
4Rue Saint-Antoine
23%
10Boulevard de Magenta
22%
8 | 17Place Charles de Gaulle - Etoile
22%
15Rue de la Convention
22%
16Rue de Passy
22%
5Rue Monge
22%
12Avenue Daumesnil
21%
13Place d'Italie
21%
5Place Monge
21%
11Rue de Charonne
21%
5Rue Mouffetard
21%
8Avenue George V
20%
11Boulevard Richard-Lenoir
20%
17Place de Wagram
20%
20Rue des Pyrénées
20%
1 | 2Rue Etienne-Marcel
20%
8 | 17Boulevard des Batignolles
19%
11Rue Oberkampf
19%
2 | 9Boulevard Poissonnière
18%
9Rue Blanche
18%
16Rue de la Pompe
18%
9 | 10Rue du Faubourg Poissonnière
18%
8Avenue Hoche
17%
5Place du Panthéon
17%
5Rue des Ecoles
17%
2Rue Poissonnière
17%
17 | 18Avenue de Saint-Ouen
16%
2 | 10Boulevard de Bonne Nouvelle
16%
12Boulevard de Picpus
16%
3Place des Vosges
16%
17Avenue de Villiers
15%
13Avenue d'Italie
15%
17Boulevard Pereire
15%
1Rue des Halles
15%
7Avenue de Breteuil
14%
14Avenue du Maine
14%
8 | 16Avenue Marceau
14%
10 | 11Avenue Parmentier
14%
4 | 11Boulevard Beaumarchais
14%
3 | 11Boulevard des Filles du Calvaire
14%
8Rue de Miromesnil
14%
8Avenue de Friedland
13%
13Boulevard Arago
13%
1Place du Palais Royal
13%
11Rue de la Roquette
13%
1 | 4Boulevard du Palais
12%
13Boulevard Vincent Auriol
12%
12Rue de Charenton
12%
19Rue de Crimée
12%
11 | 12Avenue Ledru-Rollin
11%
4Place de Vosges
11%
7Rue de l'Université
11%
17Avenue Carnot
10%
14Boulevard Edgar Quinet
10%
13Boulevard Masséna
10%
9 | 18Rue des Martyrs
10%
8Rue Royale
10%
7Rue Saint-Dominique
10%
13Avenue de Choisy
9%
5 | 13Boulevard de l'Hôpital
9%
14Rue d'Alésia
9%
3Rue de Bretagne
9%
8Rue de la Boétie
9%
9Place de Clichy
8%
9Rue Auber
8%
5Rue Danton
8%
18Rue de Caulaincourt
8%
19Avenue de Flandres
7%
2Avenue de l'Opéra
7%
16Avenue d'Iéna
7%
16Rue Molitor
7%
16Avenue Mozart
6%
2 | 9Boulevard des Italiens
6%
5Rue Clovis
6%
14Rue d'Alésia
6%
1Rue Jean-Jacques Rousseau
6%
4Boulevard Morland
5%
2Place de l'Opéra
5%
1 | 2Place des Victoires
5%
16Place du Trocadéro
5%
16Rue d'Auteuil
5%
18Rue Lepic
5%
13Avenue d'Ivry
4%
9Place de l'Opéra
4%
17Avenue Niel
3%
17Place du Maréchal-Juin
3%
4Rue Saint-Louis en l'Ile
3%
14Boulevard Arago
2%
6Place Saint-Michel
2%
1 | 2 | 3Rue de Turbigo
2%
16Rue Jean de la Fontaine
2%
1Rue Montorgeuil
2%
2Rue Montorgueil
2%
16Place Charles de Gaulle - Etoile
1%
8Place de la Condorde
1%
11Rue de Popincourt
1%
1 | 2Rue de Richelieu
1%
8Rue du Rocher
1%
2Rue du Sentier
1%
17Rue Laugier
1%
13Boulevard Auguste Bianqui
0%

Distribution des résultats

Percentile par nombre de réponses

% des personnes avec chaque résultat

Votre développement - résultats

Vous n’avez pas pris ce quiz